| 000 | 02800cam a2200301 i 4500 | ||
|---|---|---|---|
| 003 | SA-RiAUC | ||
| 005 | 20250828045520.0 | ||
| 008 | 250822s1980 le g 00000 ara c | ||
| 040 |
_aSA-JeALM _bara _cSA-RiAUC _dKAC _erda |
||
| 082 | 0 | 4 |
_a210.2 _qSA-RiAUC |
| 090 |
_a210.2 _bح ف ي |
||
| 100 | 1 |
_aحفيد السعد، أحمد بن يحيى بن محمد، _dتوفي 916 هجري _eمؤلف. |
|
| 245 | 1 | 2 |
_aالدر النضيد لمجموعة ابن الحفيد / _cللمولى الفاضل النبيل سيف الدين بن يحيى بن سعد الدين مسعود بن عمر التفتازاني الهروي المعروف بابن الحفيد. |
| 264 | 1 |
_aبيروت، لبنان : _bدار الكتاب العربي، _c1980. |
|
| 300 |
_a378 صفحة ؛ _c25 × 18 سم |
||
| 336 |
_aنص _btxt _2rdacontent _3كتاب |
||
| 337 |
_aبدون وسيط _bn _2rdamedia |
||
| 338 |
_aمجلد _bnc _2rdacarrier |
||
| 500 | _aتوجد ملاحظات من الشيخ في داخل الكتاب. | ||
| 520 | _aيتناول كتاب (الدر النضيد لمجموعة ابن الحفيد) والذي قامه بتأليفه ( سيف الدين بن يحيى بن سعد الدين مسعود بن عمر التفتازاني الهروي) في حوالي (378) صفحة من القطع المتوسط موضوع (الإسلام) مستعرضا المحتويات التالية : مقدمة في تنويع العلوم المدونة إلى نوعين، الفاصلة الأولى في بيان علوم المتشرعة، استشكال على تعريف علم أصول الفقه ورد المحشي عليه، الأنظار الثمانية التي أوردها على تعريف علم الأدب، الفاصلة الثانية في بيان علوم الفلسفية، بحث في أن الحكمة النظرية أشرف من العملية وكلام المحشي في ذلك، بحث في تأثير النفوس بعد الموت وكلام المحشي فيه، بحث في وجوب النظر ورد المحشي عليه، بحث في ان المنطق داخل في الحكمة أولا : تكملة للمقدمة في بيان ما هو الموضوع، بحث في تعريف المقدمة ... وموضوعات أخرى. | ||
| 521 | _aموجه للكبار. | ||
| 650 | 7 |
_aالإسلام _vمتفرقات _2aucsh |
|
| 650 | 7 |
_aالإسلام _vمقالات ومحاضرات _2aucsh |
|
| 856 | 4 | _u//10.0.0.80/Offsite/أرامكو/17-03-2016/عربي/أرامكو 9 - 3/أرامكو 9 - 3/أسماء محفوظ/انشاء | |
| 856 | 4 | _u//10.0.0.80/Offsite/أرامكو/17-03-2016/عربي/أرامكو 9 - 3/أرامكو 9 - 3/أسماء محفوظ/انشاء | |
| 942 |
_2ddc _cBOOK _n0 |
||
| 949 |
_aSA-JeALM _d250822 _umohamedma123 _n1 |
||
| 999 |
_c11215 _d11215 |
||